Argentins célèbres par images. - Statistiques

Statistiques générales
  • Ce quiz a été pris 221 fois
  • Le résultat moyen est 5 sur 16
Statistiques - réponses
Par images Réponse % Correct
Lionel Messi
99%
Diego Maradona
97%
François
90%
Che Guevara
89%
Alfredo Di Stéfano
39%
Gabriel Batistuta
36%
Bérénice Bejo
31%
Eva Perón
23%
Guillermo Vilas
13%
Jacques Cheminade
8%
Jairo
6%
José de San Martín
5%
Astor Piazzolla
2%
Mía Maestro
1%
Olivia Hussey
1%
Quino
1%
Aucun quiz correspondant
Distribution des résultats
% des personnes avec chaque résultat
Percentile par nombre de réponses
Votre historique - résultats
Vous n’avez pas pris ce quiz